000 00906 a2200277 4500
005 20260323085304.0
020 _a817000439X
050 _aZ678
_bBAV 2005
100 _aBavakutty, M.
_eauthor
245 _aMethods for measuring quality of libraries /
_cM. Bavakutty, K.C. Abdul Majeed
264 _aNew Delhi :
_bEss Ess Publications,
_c2005
300 _a298 pages ;
_billustrations
336 _2rdacontent
_atext
_btxt
337 _2rdamedia
_aunmediated
_bn
338 _2rdacarrier
_avolume
_bnc
504 _aIncludes bibliographical references and index
505 _a.
520 _a.
650 _aLibraries
_xEvaluation
650 _a Public services (Libraries)
_xEvaluation
650 _aLibrary planning
650 _aOrganizational effectiveness
_xEvaluation
650 _a Organizational change
_xManagement
700 _aMajeed, K.C.Abdul
_eauthor
942 _2lcc
_cBK
_h678
_iBAV
_kZ
999 _c11747
_d11747